000 00941nam a2200301 i 4500
001 000014082
003 DO-SdBNP
005 20250304101650.0
007 ta
008 091204s2006 dr 000 p spa d
020 _a9945068156
040 _aDO-SdBNP
_bspa
_cBNPHU
_erda
041 _aspa
082 4 _aRD861.44
_aP438L
_222
100 1 _aPérez, Isael,
_d1961-
_91414
_eautor
_4aut.
245 1 0 _aLlamas de amor y poemas para amar /
_cIsael Pérez.
264 4 _aSanto Domingo :
_bEditora Buho,
_c©2006.
300 _a87 páginas ;
_c22 cm.
336 _atexto
_btxt
_2rdacontent
337 _asin mediación
_bn
_2rdamedia
338 _avolumen
_bnc
_2rdacarrier
500 _aIncluye datos biográficos del autor en la solapa de la cubierta
590 _aInventariado, 2018/LP
650 0 _aPoesía dominicana
_966
650 0 _aLiteratura dominicana.
_967
910 _aValidado. Control de calidad MFF
942 _2ddc
_cLBS1
999 _c13684
_d13684